[Event "4NCL Division 3s"]
[Site "Daventry Court ENG"]
[Date "2015.01.10"]
[Round "3.99"]
[White "Duncanson, Henry G"]
[Black "Chin, Francis CW"]
[Result "1-0"]
[WhiteElo "2080"]
[BlackElo "2155"]
[PlyCount "75"]
[EventDate "2015.01.10"]

1. Nf3 d5 2. g3 c6 3. Bg2 Bf5 4. c4 e6 5. Qb3 Qb6 6. Nc3 Nf6 7. d3 Nbd7 8. Qxb6
axb6 9. O-O Be7 10. Re1 dxc4 11. e4 Bg6 12. dxc4 e5 13. Nh4 O-O 14. h3 Rfd8 15.
f4 exf4 16. Nxg6 Bc5+ 17. Kh1 hxg6 18. Bxf4 Nf8 19. a3 Ne6 20. Rad1 Nh5 21. Ne2
Bf2 22. Rf1 Bc5 23. Be5 Be7 24. g4 Nf6 25. Bg3 Nc5 26. Nc3 Ne6 27. Bh4 Kf8 28.
Bg3 Ke8 29. e5 Nd7 30. Ne4 Ndc5 31. Nd6+ Bxd6 32. exd6 Nd7 33. Rd3 f6 34. Re3
Kf7 35. Rfe1 Re8 36. b4 Ndf8 37. b5 Rec8 38. d7 1-0

[Event "4NCL Division 3s"]
[Site "Daventry Court ENG"]
[Date "2015.01.10"]
[Round "3.99"]
[White "Burgoyne, Peter"]
[Black "Moore, Gerald"]
[Result "0-1"]
[WhiteElo "1767"]
[BlackElo "2137"]
[PlyCount "74"]
[EventDate "2015.01.10"]

1. e4 c6 2. d4 d5 3. exd5 cxd5 4. c4 Nf6 5. Nc3 Nc6 6. Nf3 g6 7. Be2 Bg7 8. O-O
O-O 9. h3 dxc4 10. Bxc4 Na5 11. Be2 Be6 12. Be3 Rc8 13. Qd2 Nc4 14. Bxc4 Bxc4
15. Rfe1 Nd5 16. Nxd5 Bxd5 17. Ne5 e6 18. Nd3 b6 19. Nb4 Bb7 20. Rac1 Qd7 21.
Rc3 a5 22. Nc2 Qd5 23. f3 Qxa2 24. Na3 Rxc3 25. Qxc3 Rc8 26. Qd2 Qd5 27. Nb1
Qb3 28. Nc3 h5 29. Rc1 b5 30. Kh1 b4 31. Ne4 Rxc1+ 32. Qxc1 Bxe4 33. fxe4 a4
34. e5 a3 35. bxa3 bxa3 36. Qc8+ Kh7 37. Bd2 Qd1+ 0-1

[Event "4NCL Division 3s"]
[Site "Daventry Court ENG"]
[Date "2015.01.10"]
[Round "3.99"]
[White "Swanson, Stephen"]
[Black "Lawson, Maurice E"]
[Result "1/2-1/2"]
[WhiteElo "2220"]
[BlackElo "1949"]
[PlyCount "95"]
[EventDate "2015.01.10"]

1. e4 c6 2. d3 d5 3. Nd2 Nd7 4. g3 dxe4 5. dxe4 g6 6. Bg2 Bg7 7. Ngf3 Nh6 8.
O-O O-O 9. Qe2 Qc7 10. a4 Kh8 11. a5 e5 12. Nc4 f6 13. b3 Rd8 14. h3 Nf7 15.
Rd1 Nc5 16. Rxd8+ Qxd8 17. b4 Ne6 18. c3 Nc7 19. Be3 Be6 20. Rd1 Qe8 21. Nb2
Nb5 22. Rc1 Bf8 23. Nd2 Rd8 24. Kh2 Qd7 25. Bf1 Kg7 26. Ndc4 Nfd6 27. Nxd6 Qxd6
28. Qc2 Qc7 29. f3 b6 30. axb6 axb6 31. Qf2 Ra8 32. Bxb6 Qb7 33. Nc4 Nd4 34.
cxd4 Bxc4 35. dxe5 Bxf1 36. exf6+ Kf7 37. Rxf1 Bxb4 38. Be3 Bc3 39. h4 Qb3 40.
Kh3 Ra2 41. Qg1 Qe6+ 42. g4 Qxf6 43. Qg3 Be5 44. f4 Ra3 45. Rf3 Rxe3 46. Rxe3
Bxf4 47. Qf3 Bxe3 48. Qxe3 1/2-1/2

[Event "4NCL Division 3s"]
[Site "Daventry Court ENG"]
[Date "2015.01.10"]
[Round "3.99"]
[White "Kane, Robert (Bob) B"]
[Black "Byway, Paul V"]
[Result "0-1"]
[WhiteElo "1887"]
[BlackElo "2139"]
[PlyCount "60"]
[EventDate "2015.01.10"]

1. d4 d5 2. Nf3 e6 3. e3 Nf6 4. Bd3 c5 5. b3 Nc6 6. Bb2 cxd4 7. exd4 Bb4+ 8. c3
Bd6 9. O-O O-O 10. Re1 Qc7 11. c4 b6 12. Nbd2 Bb7 13. Rc1 Rac8 14. Ne5 Qe7 15.
cxd5 Nxd5 16. Ne4 Bb4 17. Rf1 f5 18. Nxc6 Rxc6 19. Ng3 Nf4 20. Bc4 Nxg2 21. d5
Rxc4 22. bxc4 Nf4 23. Qd4 Nh3+ 24. Kg2 Ng5 25. Rcd1 exd5 26. cxd5 f4 27. h4
fxg3 28. hxg5 gxf2 29. Kh3 Bc5 30. Qc4 Qe3+ 0-1

[Event "4NCL Division 3s"]
[Site "Daventry Court ENG"]
[Date "2015.01.10"]
[Round "3.99"]
[White "Kemp, Paul R"]
[Black "Fowler, David W"]
[Result "1-0"]
[WhiteElo "2087"]
[BlackElo "1871"]
[PlyCount "97"]
[EventDate "2015.01.10"]

1. e4 c6 2. c4 d5 3. cxd5 cxd5 4. exd5 Nf6 5. Bb5+ Nbd7 6. Nc3 a6 7. Be2 b5 8.
d6 e6 9. Bf3 Rb8 10. d4 Bxd6 11. Nge2 b4 12. Ne4 Nxe4 13. Bxe4 O-O 14. Bf4 Bxf4
15. Nxf4 Nf6 16. Bf3 Qd6 17. Ne2 Rd8 18. O-O Bb7 19. Qb3 Bxf3 20. Qxf3 Nd5 21.
Rac1 Rbc8 22. Qb3 Qd7 23. Rc4 Qb5 24. Rfc1 Nb6 25. Rxc8 Rxc8 26. Rxc8+ Nxc8 27.
Kf1 Nb6 28. Ke1 Qc4 29. Qxc4 Nxc4 30. b3 Nb6 31. Kd2 Kf8 32. Nf4 Nd5 33. Nd3 a5
34. Nc5 Nb6 35. Nb7 a4 36. bxa4 Nxa4 37. Nc5 Nb6 38. Kc2 Ke7 39. Kb3 Nd5 40.
Nd3 Kd6 41. Nxb4 Nf4 42. g3 Ne2 43. Kc4 g5 44. a4 h5 45. a5 h4 46. a6 Kc7 47.
Kc5 h3 48. d5 exd5 49. Nxd5+ 1-0

[Event "4NCL Division 3s"]
[Site "Daventry Court ENG"]
[Date "2015.01.10"]
[Round "3.99"]
[White "Grey, Nicholas D"]
[Black "Rosen, Daniel B"]
[Result "0-1"]
[WhiteElo "1764"]
[BlackElo "2070"]
[PlyCount "64"]
[EventDate "2015.01.10"]

1. e4 d6 2. d4 g6 3. Nc3 Bg7 4. Be3 c6 5. Nf3 Bg4 6. Qd2 Bxf3 7. gxf3 Nd7 8.
O-O-O Qa5 9. h4 Ngf6 10. Bh6 Bxh6 11. Qxh6 O-O-O 12. Bh3 Kb8 13. Rhe1 Nb6 14.
Bf1 Qh5 15. Qxh5 Nxh5 16. b4 e5 17. d5 cxd5 18. Nxd5 Nxd5 19. Rxd5 Nf4 20. Rd2
f6 21. Red1 Kc7 22. Kb2 g5 23. hxg5 fxg5 24. Bc4 h6 25. Rh1 Rdf8 26. Rdd1 Ng6
27. Rh3 Rf4 28. Rg1 Rh4 29. Bf1 Rf8 30. Rgg3 Rff4 31. Bc4 Rxh3 32. Rxh3 Rh4 0-1

[Event "4NCL Division 3s"]
[Site "Daventry Court ENG"]
[Date "2015.01.10"]
[Round "3.129"]
[White "McCorry, Robert T"]
[Black "Sargent, John R"]
[Result "1-0"]
[WhiteElo "2061"]
[BlackElo "1759"]
[PlyCount "43"]
[EventDate "2015.01.10"]
[WhiteTeam "Poisoned Pawns"]
[BlackTeam "BCM Rhinos [2]"]

1. Nf3 f5 2. d4 e6 3. g3 d6 4. Bg2 Be7 5. c4 Nf6 6. O-O O-O 7. Nc3 Ne4 8. Qc2
Nxc3 9. Qxc3 Nc6 10. b4 Bf6 11. b5 Nb8 12. Bb2 Nd7 13. Qc2 Qe8 14. Rfe1 e5 15.
Qxf5 e4 16. Ng5 g6 17. Qe6+ Kg7 18. Qxe8 Rxe8 19. Nxe4 Nb6 20. Nxf6 Kxf6 21.
Rac1 Kf7 22. c5 1-0

[Event "4NCL Division 3s"]
[Site "Daventry Court ENG"]
[Date "2015.01.10"]
[Round "3.99"]
[White "Jagdeep Dhemrait"]
[Black "McMahon, Paul"]
[Result "0-1"]
[WhiteElo "1715"]
[BlackElo "1985"]
[PlyCount "44"]
[EventDate "2015.01.10"]

1. e4 d5 2. exd5 Qxd5 3. d4 Nf6 4. c4 Qe4+ 5. Be3 Bf5 6. Qb3 Nbd7 7. Nc3 Qc2 8.
Qxb7 Rb8 9. Qxc7 Qxb2 10. Rc1 e6 11. c5 Ng4 12. Bb5 Rxb5 13. Nxb5 Nxe3 14. Nd6+
Bxd6 15. cxd6 O-O 16. fxe3 Qxg2 17. Ne2 Qxh1+ 18. Kd2 Qe4 19. Qxd7 Qd3+ 20. Ke1
Bg4 21. Kf1 Qxe2+ 22. Kg1 Qxe3+ 0-1

[Event "4NCL Division 3s"]
[Site "Daventry Court ENG"]
[Date "2015.01.10"]
[Round "3.99"]
[White "Fogg, Martin"]
[Black "Dickinson, Tim R"]
[Result "1-0"]
[WhiteElo "1906"]
[BlackElo "2107"]
[PlyCount "59"]
[EventDate "2015.01.10"]

1. e4 e6 2. d4 d5 3. Nd2 Be7 4. Bd3 Nf6 5. e5 Nfd7 6. Ne2 c5 7. c3 Nc6 8. Nf3
cxd4 9. cxd4 g5 10. Be3 Nf8 11. Rc1 Bd7 12. O-O Ng6 13. Rc3 f5 14. exf6 Bxf6
15. Qc1 g4 16. Nd2 e5 17. Nb3 e4 18. Bb5 Qb6 19. Rc5 a6 20. Ba4 Nce7 21. Bxd7+
Kxd7 22. Nc3 Qd6 23. Nd2 Qe6 24. Na4 Rac8 25. Rxc8 Rxc8 26. Nc5+ Rxc5 27. Qxc5
Qc6 28. Nb3 b6 29. Qxc6+ Kxc6 30. f3 1-0

[Event "4NCL Division 3s"]
[Site "Daventry Court ENG"]
[Date "2015.01.10"]
[Round "3.99"]
[White "Rawlinson, Christopher JA"]
[Black "Lamont, Richard"]
[Result "1-0"]
[WhiteElo "2051"]
[BlackElo "1893"]
[PlyCount "39"]
[EventDate "2015.01.10"]

1. e4 c5 2. Nc3 Nc6 3. d3 g6 4. Be3 e6 5. Qd2 Qa5 6. f4 d6 7. Nf3 Bg7 8. d4
Nge7 9. Be2 O-O 10. g4 cxd4 11. Nxd4 Nxd4 12. Bxd4 Qb4 13. Bxg7 Kxg7 14. O-O-O
e5 15. f5 Bd7 16. f6+ Kxf6 17. Qh6 Ke6 18. g5 f5 19. gxf6 Rxf6 20. Bg4+ 1-0

[Event "4NCL Division 3s"]
[Site "Daventry Court ENG"]
[Date "2015.01.10"]
[Round "3.99"]
[White "Sheerin, Alex"]
[Black "Nandi, Robin"]
[Result "0-1"]
[WhiteElo "1622"]
[BlackElo "1955"]
[PlyCount "112"]
[EventDate "2015.01.10"]

1. e4 e5 2. Nf3 Nc6 3. Nc3 Nf6 4. Bb5 Bb4 5. O-O O-O 6. d3 Bxc3 7. bxc3 d6 8.
Bg5 Bd7 9. d4 a6 10. Bc4 Bg4 11. d5 Nb8 12. Qd2 Nbd7 13. h3 Bxf3 14. gxf3 h6
15. Bxh6 gxh6 16. Qxh6 Nh7 17. Kh2 Qf6 18. Rg1+ Kh8 19. Qh5 Qf4+ 20. Kh1 Ndf6
21. Qf5 Qxf5 22. exf5 Rg8 23. Rg3 Nh5 24. Rg4 N7f6 25. Rh4 Rg5 26. Rb1 Rag8 27.
Bd3 b6 28. c4 Kg7 29. a4 a5 30. Re1 Nf4 31. Rg1 Kf8 32. Rxg5 Rxg5 33. Rh8+ Ke7
34. Bf1 Rh5 35. Rxh5 N6xh5 36. Kh2 Kf6 37. h4 Kxf5 38. c3 f6 39. Kg1 Kg6 40.
Kh2 Ng7 41. Kg3 Kh5 42. Kh2 Kxh4 43. Kg1 Nf5 44. Kh2 Nh6 45. Kg1 Nf7 46. c5
bxc5 47. Bb5 Ng5 48. c4 Nxf3+ 49. Kf1 Kg5 50. Ba6 Nd3 51. Ke2 e4 52. Ke3 f5 53.
Ke2 Kf6 54. Bb5 Ke5 55. Ke3 Nc1 56. Bd7 f4# 0-1

[Event "4NCL Division 3s"]
[Site "Daventry Court ENG"]
[Date "2015.01.10"]
[Round "3.145"]
[White "Willmoth, Rob"]
[Black "Botham, C Paul"]
[Result "1-0"]
[WhiteElo "2143"]
[BlackElo "2016"]
[PlyCount "81"]
[EventDate "2015.01.10"]
[WhiteTeam "Barnet Knights 1"]
[BlackTeam "Iceni 2"]

1. d4 Nf6 2. c4 g6 3. g3 Bg7 4. Bg2 d5 5. cxd5 Nxd5 6. Nf3 O-O 7. O-O Nc6 8. e4
Nb6 9. d5 Nb8 10. Nc3 c6 11. Qb3 cxd5 12. Nxd5 Nxd5 13. exd5 Nd7 14. Be3 Nf6
15. Rfd1 Ne8 16. Rac1 Nd6 17. Nd4 Bd7 18. Qb4 Rc8 19. Rxc8 Qxc8 20. b3 h6 21.
a4 a6 22. Bf4 Qb8 23. Re1 a5 24. Qd2 Bf6 25. Bxh6 Re8 26. Be3 Qa8 27. h4 Kg7
28. Bh6+ Kh7 29. Bg5 Kg7 30. Bxf6+ exf6 31. Kh2 b6 32. Nc6 Qb7 33. Rc1 Bf5 34.
Qf4 Qd7 35. Nd4 Nc8 36. Nxf5+ Qxf5 37. Qxf5 gxf5 38. Rc6 Rd8 39. Bf1 Ne7 40.
Rxb6 Rxd5 41. Bc4 1-0

[Event "4NCL Division 3s"]
[Site "Daventry Court ENG"]
[Date "2015.01.10"]
[Round "3.146"]
[White "Donaghay, Richard H"]
[Black "Brozel, Sacha"]
[Result "0-1"]
[WhiteElo "1957"]
[BlackElo "1863"]
[PlyCount "89"]
[EventDate "2015.01.10"]
[WhiteTeam "Iceni 2"]
[BlackTeam "Barnet Knights 1"]

1. e4 c5 2. Nc3 e6 3. Qe2 Nc6 4. Nf3 d6 5. d3 Nf6 6. g3 Be7 7. Bg2 Nd4 8. Nxd4
cxd4 9. Nd1 O-O 10. O-O Ne8 11. f4 Nc7 12. c3 Bf6 13. c4 a5 14. Nf2 Be7 15. b3
f5 16. Bb2 Bf6 17. Ba3 Re8 18. Rae1 Rb8 19. g4 g6 20. gxf5 exf5 21. Qd2 Ne6 22.
exf5 gxf5 23. Bd5 Kh8 24. Nh3 h6 25. Re2 Nc7 26. Rxe8+ Nxe8 27. Qg2 Bg7 28. Re1
Nf6 29. Qg6 Bd7 30. Be6 Qe7 31. Qxf5 Re8 32. Qg6 Bxe6 33. f5 Bxf5 34. Rxe7 Bxg6
35. Nf4 Bf5 36. Bxd6 Rxe7 37. Bxe7 Nd7 38. Bd8 b6 39. Kf1 Be5 40. Nd5 Bxd3+ 41.
Ke1 Bb1 42. Nxb6 Nxb6 43. Bxb6 Bxa2 44. c5 Bxb3 45. Bxa5 0-1

[Event "4NCL Division 3s"]
[Site "Daventry Court ENG"]
[Date "2015.01.10"]
[Round "3.147"]
[White "Cavendish, Joshua"]
[Black "Kenning, Paul H"]
[Result "0-1"]
[WhiteElo "1832"]
[BlackElo "1804"]
[PlyCount "42"]
[EventDate "2015.01.10"]
[WhiteTeam "Barnet Knights 1"]
[BlackTeam "Iceni 2"]

1. f4 e5 2. fxe5 d6 3. exd6 Bxd6 4. Nf3 Nf6 5. d4 O-O 6. Bg5 Re8 7. Qd3 h6 8.
Bxf6 Qxf6 9. Nbd2 Bf4 10. g3 Re3 11. Qc4 Bd6 12. Kf2 Qe7 13. c3 Nd7 14. Re1 Nf6
15. Bg2 Be6 16. Qa4 Ng4+ 17. Kf1 Bd7 18. Qc2 Re8 19. Nc4 Bb5 20. b3 Bxc4 21.
bxc4 Rxf3+ 0-1

[Event "4NCL Division 3s"]
[Site "Daventry Court ENG"]
[Date "2015.01.10"]
[Round "3.150"]
[White "Somton, Anita"]
[Black "Hung, Jake"]
[Result "1/2-1/2"]
[WhiteElo "1464"]
[BlackElo "1670"]
[PlyCount "141"]
[EventDate "2015.01.10"]
[WhiteTeam "Iceni 2"]
[BlackTeam "Barnet Knights 1"]

1. d4 d5 2. c4 c6 3. Nf3 Nd7 4. Qc2 Ngf6 5. g3 e6 6. Bg2 Be7 7. O-O O-O 8. Nbd2
Rb8 9. b3 c5 10. Bb2 a6 11. Rac1 Bd6 12. cxd5 exd5 13. dxc5 Nxc5 14. Rfd1 Be6
15. Qb1 Re8 16. e3 Qe7 17. Nd4 Bg4 18. N2f3 Qe4 19. h3 Qxb1 20. Rxb1 Bh5 21.
Nf5 Bg6 22. N3h4 Be5 23. Nxg6 hxg6 24. Nd4 Rbd8 25. Rbc1 Nce4 26. Rc2 Nd7 27.
Rdc1 Nb6 28. h4 Rc8 29. Bh3 Rxc2 30. Rxc2 g5 31. hxg5 Nxg5 32. Bg2 Ne4 33. Bh3
Ng5 34. Bg4 Ne4 35. Nf3 Bxb2 36. Rxb2 g6 37. Rc2 Re7 38. a4 Kg7 39. a5 Na8 40.
Nd4 Nc7 41. Kg2 Nf6 42. Be2 Ne4 43. b4 Nd6 44. Rb2 Ne4 45. b5 axb5 46. Nxb5 Ne6
47. Rb4 Nd8 48. Bf3 Nf6 49. Nd6 Rd7 50. Rb6 Rc7 51. g4 Rc5 52. Nxb7 Nxb7 53.
Rxb7 Rxa5 54. Rb4 g5 55. Kg3 Rc5 56. Rd4 Rc4 57. Bg2 Kf8 58. f4 gxf4+ 59. Kxf4
Kg7 60. g5 Nh7 61. Bxd5 Rxd4+ 62. exd4 f6 63. gxf6+ Kxf6 64. Be4 Ng5 65. Bf5
Nf7 66. d5 Ke7 67. Be6 Nd8 68. Ke5 Nxe6 69. dxe6 Ke8 70. Kf6 Kf8 71. e7+
1/2-1/2

[Event "4NCL Division 3s"]
[Site "Daventry Court ENG"]
[Date "2015.01.10"]
[Round "3.155"]
[White "Staples, Neil"]
[Black "Anilkumar, Anantha P (jnr)"]
[Result "1/2-1/2"]
[WhiteElo "1874"]
[BlackElo "1881"]
[PlyCount "155"]
[EventDate "2015.01.10"]
[WhiteTeam "Banbury Bulldogs"]
[BlackTeam "KJCA Knights"]

1. c4 Nf6 2. g3 g6 3. Bg2 d5 4. cxd5 Nxd5 5. Nc3 Nxc3 6. bxc3 Bg7 7. Rb1 Nd7 8.
Nf3 O-O 9. O-O Nb6 10. Ng5 c6 11. Qb3 h6 12. Ne4 Bf5 13. d3 Nd5 14. Bd2 Bxe4
15. Bxe4 Rb8 16. c4 Nc7 17. Bf4 Qd7 18. Qa4 e5 19. Be3 Ne6 20. Qxa7 f5 21. Bg2
f4 22. Bc5 Ra8 23. Qb6 Nxc5 24. Qxc5 Rxa2 25. Qb6 Rf7 26. Be4 Rxe2 27. Rb2 Rxb2
28. Qxb2 f3 29. Ra1 Qh3 30. Ra8+ Kh7 31. Bxf3 e4 32. Bg2 Qxg2+ 33. Kxg2 Bxb2
34. dxe4 Re7 35. f3 b5 36. cxb5 cxb5 37. Rb8 Re5 38. Rb7+ Kg8 39. f4 Rxe4 40.
Rxb5 Re2+ 41. Kf3 Rxh2 42. Rb7 Bg7 43. Kg4 Rb2 44. Rc7 Rb3 45. Rc8+ Kh7 46. Rc7
h5+ 47. Kh3 Kh6 48. Rc6 Rb5 49. Kg2 Rf5 50. Kf3 Rf6 51. Rc5 Bf8 52. Rd5 Bd6 53.
Rd1 g5 54. Rh1 Bxf4 55. gxf4 Rxf4+ 56. Kg3 h4+ 57. Kg2 Kh5 58. Rd1 Kg4 59. Rd3
h3+ 60. Kg1 Rf3 61. Rd5 Kh4 62. Re5 g4 63. Re4 Kg3 64. Re1 h2+ 65. Kh1 Kf2 66.
Ra1 Re3 67. Ra2+ Re2 68. Ra3 Re3 69. Ra2+ Re2 70. Ra3 Kf1 71. Ra1+ Re1 72. Ra2
g3 73. Rg2 Re3 74. Ra2 Re2 75. Ra1+ Kf2 76. Rf1+ Ke3 77. Rf3+ Kd2 78. Rxg3
1/2-1/2

[Event "4NCL Division 3s"]
[Site "Daventry Court ENG"]
[Date "2015.01.10"]
[Round "3.156"]
[White "Smith, Patrick"]
[Black "Jackson, Gary C"]
[Result "0-1"]
[WhiteElo "1841"]
[BlackElo "1850"]
[PlyCount "75"]
[EventDate "2015.01.10"]
[WhiteTeam "KJCA Knights"]
[BlackTeam "Banbury Bulldogs"]

1. e4 c5 2. Nf3 d6 3. Bb5+ Nc6 4. Bxc6+ bxc6 5. h3 Nf6 6. e5 Nd5 7. c4 Nb4 8.
d4 Bf5 9. Na3 Nd3+ 10. Kf1 Nxc1 11. Rxc1 Qb6 12. b3 Qa5 13. Nc2 Qxa2 14. Ne3
Bg6 15. exd6 exd6 16. dxc5 dxc5 17. Ne5 Rd8 18. Qf3 Rd6 19. N3g4 h5 20. Nxg6
Rxg6 21. Ne5 Rf6 22. Qe3 Re6 23. Qf4 Rf6 24. Qe3 Be7 25. Nf3 Re6 26. Qd3 O-O
27. Qc2 Qa5 28. g3 Re8 29. Kg2 Bf6 30. Rhd1 Re2 31. Qf5 h4 32. g4 Qc7 33. g5
Qg3+ 34. Kh1 Qxf2 35. Qg4 Bd4 36. Rf1 Qg3 37. Qxg3 hxg3 38. Rcd1 0-1

[Event "4NCL Division 3s"]
[Site "Daventry Court ENG"]
[Date "2015.01.10"]
[Round "3.157"]
[White "Price, Andrew"]
[Black "Green, Michael"]
[Result "0-1"]
[WhiteElo "1831"]
[BlackElo "1872"]
[PlyCount "96"]
[EventDate "2015.01.10"]
[WhiteTeam "Banbury Bulldogs"]
[BlackTeam "KJCA Knights"]

1. Nf3 g6 2. e4 Bg7 3. d4 d6 4. Nc3 Nc6 5. Be3 Bg4 6. Be2 Bxf3 7. Bxf3 e5 8. d5
Nce7 9. Bg4 Nf6 10. Bh3 c6 11. dxc6 bxc6 12. Qd3 O-O 13. O-O Qc7 14. Qc4 Rab8
15. b3 Qa5 16. Rad1 Rfd8 17. f3 Rb4 18. Qd3 d5 19. Na4 Rbb8 20. exd5 cxd5 21.
Bc5 Nc6 22. Qe2 d4 23. Ba3 Nd5 24. Bc1 Nce7 25. f4 exf4 26. Bxf4 Nxf4 27. Rxf4
Nd5 28. Rf3 Nc3 29. Nxc3 dxc3 30. Rdf1 Qc5+ 31. Kh1 Rf8 32. Qe4 Rbe8 33. Qd3
Re7 34. Rf4 Qe5 35. g3 Qe2 36. Qxe2 Rxe2 37. R4f2 Rd2 38. Bg2 h6 39. Be4 f5 40.
Bd3 Rd8 41. Kg2 h5 42. Kf3 Bh6 43. Re1 R8xd3+ 44. cxd3 Rxf2+ 45. Kxf2 c2 46. b4
c1=Q 47. Rxc1 Bxc1 48. b5 Kf7 0-1

[Event "4NCL Division 3s"]
[Site "Daventry Court ENG"]
[Date "2015.01.10"]
[Round "3.165"]
[White "Buttell, David"]
[Black "Myall, Ivan"]
[Result "0-1"]
[WhiteElo "1848"]
[BlackElo "2038"]
[PlyCount "178"]
[EventDate "2015.01.10"]
[WhiteTeam "Celtic Tigers 2"]
[BlackTeam "Anglian Avengers 2"]

1. d4 Nf6 2. c4 e6 3. Nf3 d5 4. Nc3 c6 5. cxd5 exd5 6. Bg5 h6 7. Bh4 Bf5 8. e3
Nbd7 9. Bd3 Bxd3 10. Qxd3 Be7 11. O-O O-O 12. Nd2 Re8 13. f3 Nf8 14. a3 Ng6 15.
Bf2 Bd6 16. Ne2 Qc7 17. Bg3 Nh5 18. Bxd6 Qxd6 19. g4 Nf6 20. Ng3 Nh4 21. Rae1
Rad8 22. Nf5 Nxf5 23. Qxf5 Re6 24. Rf2 g6 25. Qd3 Kg7 26. Nf1 Nh7 27. Ng3 Ng5
28. Kg2 c5 29. h4 Nh7 30. Rfe2 c4 31. Qc3 b5 32. e4 Rde8 33. e5 Qd8 34. Kh3 Nf8
35. f4 Kh7 36. Qf3 Qd7 37. f5 Rb6 38. Rf1 a5 39. Ref2 Rb7 40. h5 g5 41. Qc3 b4
42. axb4 axb4 43. Qc2 b3 44. Qb1 Qc6 45. f6+ Kh8 46. Nf5 Ne6 47. Qc1 Rc7 48.
Rf3 Qb6 49. Rd1 Rec8 50. Nxh6 Qa5 51. Nf5 c3 52. Nd6 c2 53. Rdf1 Ra8 54. Rxb3
Qa4 55. Ra3 Qc6 56. Rc3 Qd7 57. Rxc2 Rxc2 58. Qxc2 Nxd4 59. Qd2 Ne6 60. Qxd5
Ra1 61. Qc4 Rxf1 62. Qxf1 Qa7 63. Kg3 Qe3+ 64. Kg2 Nf4+ 65. Kh1 Kg8 66. Nxf7
Qe4+ 67. Kg1 Kxf7 68. b3 Qxe5 69. Qc4+ Kxf6 70. Qc6+ Ne6 71. Qf3+ Kg7 72. Qb7+
Kh6 73. Qf7 Qe1+ 74. Qf1 Qg3+ 75. Qg2 Qxb3 76. Qe4 Qb6+ 77. Kh1 Nf4 78. Kh2
Qf2+ 79. Kh1 Qh4+ 80. Kg1 Qxg4+ 81. Kf1 Qxh5 82. Qc6+ Qg6 83. Qh1+ Nh5 84. Qa8
Qf6+ 85. Kg1 g4 86. Qe4 g3 87. Qf3 Nf4 88. Qh1+ Kg5 89. Qa8 Nh3+ 0-1

[Event "4NCL Division 3s"]
[Site "Daventry Court ENG"]
[Date "2015.01.10"]
[Round "3.166"]
[White "Wallis, Ian"]
[Black "Herring, Sam"]
[Result "1-0"]
[WhiteElo "2009"]
[BlackElo "1808"]
[PlyCount "67"]
[EventDate "2015.01.10"]
[WhiteTeam "Anglian Avengers 2"]
[BlackTeam "Celtic Tigers 2"]

1. e4 e6 2. d4 d5 3. Nd2 Nf6 4. e5 Nfd7 5. Bd3 c5 6. c3 Nc6 7. Ne2 cxd4 8. cxd4
f6 9. exf6 Nxf6 10. O-O Bd6 11. Nf3 Qc7 12. Bg5 O-O 13. Bh4 Nh5 14. Rc1 Rxf3
15. gxf3 Bxh2+ 16. Kh1 Nf4 17. Bg3 Bxg3 18. Nxg3 Qe7 19. Re1 Qh4+ 20. Kg1 Nh3+
21. Kg2 Nf4+ 22. Kg1 Nxd4 23. Bf1 Bd7 24. Rc7 Rd8 25. Rxb7 h5 26. Re4 Nf5 27.
Nxf5 exf5 28. Rxf4 Qg5+ 29. Bg2 Qxf4 30. Qxd5+ Kh7 31. Rxd7 Qc1+ 32. Kh2 Qf4+
33. Kh3 Rb8 34. Rf7 1-0

[Event "4NCL Division 3s"]
[Site "Daventry Court ENG"]
[Date "2015.01.10"]
[Round "3.167"]
[White "Larter, Nick"]
[Black "Peck, Silas"]
[Result "0-1"]
[WhiteElo "1779"]
[BlackElo "1919"]
[PlyCount "48"]
[EventDate "2015.01.10"]
[WhiteTeam "Celtic Tigers 2"]
[BlackTeam "Anglian Avengers 2"]

1. e4 e5 2. Bc4 Bc5 3. b4 Bb6 4. Nf3 Nc6 5. b5 Nd4 6. Bxf7+ Kxf7 7. Nxe5+ Kf8
8. c3 Qg5 9. cxd4 Bxd4 10. f4 Qxg2 11. Qf3 Qxf3 12. Nxf3 Bxa1 13. e5 Ne7 14.
Ba3 Ke8 15. Rg1 g6 16. Ke2 Nd5 17. d4 Nxf4+ 18. Ke3 Nd5+ 19. Kd3 b6 20. Rf1 a6
21. Ng5 axb5 22. Nxh7 b4 23. Nf6+ Nxf6 24. exf6 Ba6+ 0-1

[Event "4NCL Division 3s"]
[Site "Daventry Court ENG"]
[Date "2015.01.10"]
[Round "3.168"]
[White "Cook, Michael"]
[Black "Robinson, Owen"]
[Result "1/2-1/2"]
[WhiteElo "1997"]
[BlackElo "1354"]
[PlyCount "92"]
[EventDate "2015.01.10"]
[WhiteTeam "Anglian Avengers 2"]
[BlackTeam "Celtic Tigers 2"]

1. d4 d5 2. Nf3 Nf6 3. e3 e6 4. Bd3 c5 5. b3 Nc6 6. O-O cxd4 7. exd4 Bd6 8. Bb2
O-O 9. Ne5 Qc7 10. f4 Nb4 11. Nc3 Nxd3 12. Qxd3 a6 13. Rf3 Nd7 14. Rh3 f5 15.
Kh1 Nxe5 16. fxe5 Be7 17. Rf1 Bd7 18. g4 Qc6 19. gxf5 Rxf5 20. Rxf5 exf5 21.
Ne2 g6 22. Rg3 Rc8 23. c3 b5 24. Rg1 b4 25. Rc1 bxc3 26. Rxc3 Qb7 27. Rxc8+
Qxc8 28. Kg1 Bb5 29. Qc3 Qxc3 30. Nxc3 Bc6 31. Kf2 Kf7 32. Nb1 Ke6 33. Ba3 Bh4+
34. Kf3 g5 35. h3 h5 36. Nc3 g4+ 37. hxg4 hxg4+ 38. Kf4 Bf2 39. Bc5 Bb5 40.
Nxb5 axb5 41. a4 bxa4 42. bxa4 Be1 43. Bb6 Bd2+ 44. Kg3 Be1+ 45. Kf4 Bd2+ 46.
Kg3 Be1+ 1/2-1/2

[Event "4NCL Division 3s"]
[Site "Daventry Court ENG"]
[Date "2015.01.10"]
[Round "3.175"]
[White "Garnett, John S"]
[Black "Cresswell, Mike J"]
[Result "1-0"]
[WhiteElo "1999"]
[BlackElo "1764"]
[PlyCount "97"]
[EventDate "2015.01.10"]
[WhiteTeam "e2e4.org.uk 3"]
[BlackTeam "BCM Hippos [3]"]

1. d4 Nf6 2. Bg5 g6 3. Bxf6 exf6 4. e3 d5 5. c4 Bb4+ 6. Nc3 O-O 7. Qb3 Bxc3+ 8.
bxc3 c6 9. Bd3 Qc7 10. cxd5 cxd5 11. Ne2 Be6 12. O-O Nc6 13. Nf4 Rfd8 14. Rfc1
Na5 15. Qa4 Nc4 16. Rab1 a6 17. Bxc4 dxc4 18. Qd1 Bd5 19. Nxd5 Rxd5 20. Qf3 Qc6
21. Rb2 Rb5 22. Qxc6 bxc6 23. Rb4 Rab8 24. Rxc4 Rb1 25. Rf1 R8b6 26. g3 R1b2
27. a4 Ra2 28. e4 Kf8 29. d5 cxd5 30. exd5 Ke7 31. Rd1 Rbb2 32. Re4+ Kd6 33.
Rf4 f5 34. g4 Rd2 35. Rxd2 Rxd2 36. gxf5 Ke5 37. fxg6 fxg6 38. Rf7 Rxd5 39.
Rxh7 Rc5 40. Re7+ Kf5 41. Rb7 Ra5 42. Rb4 Ke5 43. Kg2 g5 44. Kg3 Kd5 45. f4
gxf4+ 46. Rxf4 Kc6 47. h4 Rc5 48. Kg4 Rxc3 49. h5 1-0

[Event "4NCL Division 3s"]
[Site "Daventry Court ENG"]
[Date "2015.01.10"]
[Round "3.176"]
[White "Cooke, Charlie"]
[Black "Truman, Richard G"]
[Result "1/2-1/2"]
[WhiteElo "1754"]
[BlackElo "1976"]
[PlyCount "57"]
[EventDate "2015.01.10"]
[WhiteTeam "BCM Hippos [3]"]
[BlackTeam "e2e4.org.uk 3"]

1. d4 Nf6 2. c4 g6 3. Nc3 d5 4. e3 Bg7 5. Nf3 O-O 6. Bd3 c5 7. O-O cxd4 8. Nxd4
e5 9. Nc2 Nc6 10. Nxd5 Nxd5 11. cxd5 Qxd5 12. e4 Qa5 13. Bd2 Qc7 14. Bc3 Be6
15. Qe2 Rfd8 16. Rfd1 Rac8 17. Ne3 Nd4 18. Qf1 Qe7 19. Bc4 Bxc4 20. Nxc4 b5 21.
Ne3 b4 22. Bd2 Qb7 23. f3 Nc2 24. Rac1 Qb6 25. Qf2 Rxd2 26. Rxd2 Bh6 27. Re2
Bxe3 28. Rxe3 Rd8 29. Re2 1/2-1/2

[Event "4NCL Division 3s"]
[Site "Daventry Court ENG"]
[Date "2015.01.10"]
[Round "3.177"]
[White "Taylor, Dale C"]
[Black "Mallon, Gunnar"]
[Result "1-0"]
[WhiteElo "1956"]
[BlackElo "1714"]
[PlyCount "61"]
[EventDate "2015.01.10"]
[WhiteTeam "e2e4.org.uk 3"]
[BlackTeam "BCM Hippos [3]"]

1. Nf3 d5 2. c4 e6 3. g3 c6 4. Bg2 f5 5. O-O Nf6 6. b3 Bd6 7. Bb2 O-O 8. d3
Nbd7 9. Nbd2 e5 10. cxd5 cxd5 11. e4 fxe4 12. dxe4 d4 13. Nc4 Bc7 14. Ba3 Re8
15. Qd3 a5 16. Nd6 Bxd6 17. Qc4+ Kh8 18. Ng5 Rf8 19. Bxd6 Nb6 20. Bxf8 Nxc4 21.
Nf7+ Kg8 22. Nxd8 Kxf8 23. bxc4 Ke7 24. f4 exf4 25. e5 Ng4 26. Bxb7 Bxb7 27.
Nxb7 fxg3 28. hxg3 Ra7 29. Rab1 Ne3 30. Rf4 Nxc4 31. Rxd4 1-0